Top 20 Landen met de Langste Mensen - Statistieken

Algemene statistieken
  • Deze quiz is 2.091 keer genomen
  • De gemiddelde score is 13 van 20
Antwoordstatistieken
Man Vrouw Land % Correct
182.5 (6′0) 168.7 (5′6) Nederland
100%
181.7 (6′0) 165.5 (5′5) België
94%
179.7 (5′11) 165.9 (5′5) Duitsland
93%
179.6 (5′11) 165.7 (5′5) Zweden
89%
179.5 (5′11) 165.6 (5′5) Noorwegen
88%
179.7 (5′11) 165.9 (5′5) Finland
85%
181.4 (5′11) 167.2 (5′6) Denemarken
78%
181.6 (5′11) 168.7 (5′6) Estland
64%
181.7 (6′0) 169.8 (5′7) Letland
64%
179.7 (5′11) 166.6 (5′6) Litouwen
62%
180.1 (5′11) 165.9 (5′5) IJsland
61%
179.2 (5′11) 165.9 (5′5) Australië
53%
179.8 (5′11) 166.1 (5′5) Slovenië
52%
180.6 (5′11) 167.5 (5′6) Slowakije
52%
181.4 (5′11) 168.5 (5′6) Tsjechië
52%
179.0 (5′10) 166.3 (5′6) Oekraïne
51%
179.9 (5′11) 165.6 (5′5) Kroatië
48%
180.9 (5′11) 167.7 (5′6) Servië
48%
178.9 (5′10) 166.3 (5′6) Belarus
46%
180.5 (5′11) 165.8 (5′5) Bosnië en Herzegovina
44%
Geen overeenkomende quizzen gevonden
Scoreverdeling
Procent van Mensen met Elke Score
Percentiel versus Aantal Correcte Antwoorden
Uw Scoregeschiedenis
U heeft deze quiz nog niet genomen